Statistics for Worlds 10 Best Soccer Countries

Click here to take the quiz!

General Stats

  • This quiz has been taken 43 times
  • The average score is 9 of 10

Answer Stats

Answer% Correct
Argentina
97%
Brazil
97%
France
97%
England
95%
Germany
95%
Italy
92%
Portugal
89%
Spain
89%
Netherlands
81%
Uruguay
57%

Score Distribution

Percentile by Number Answered

Percent of People with Each Score

Your Score History

You have not taken this quiz